Experienzas voluntarias / Associació Internacional de Voluntariat = Asociación Internacional de Vountariado = Association of International Volunteering Work = Association Internationale de Volontariat
Descripción Física:
22 p. ; 21 cm
Colección:
AIV ; 27
Materias:
Voluntariat
MARC
| LEADER | 00000nam a2200000Ia 4500 | ||
|---|---|---|---|
| 001 | 22342 | ||
| 003 | BGR | ||
| 005 | 20260324175818.0 | ||
| 008 | 160829s9999 xx 000 0 cat d | ||
| 080 | |a FU-54-38 | ||
| 110 | 2 | |a Associació Internacional de Voluntariat |9 70511 | |
| 245 | |a Experienzas voluntarias / Associació Internacional de Voluntariat = Asociación Internacional de Vountariado = Association of International Volunteering Work = Association Internationale de Volontariat | ||
| 260 | |a Barcelona : |b L'Associació, [s.a.] | ||
| 300 | |a 22 p. ; |c 21 cm | ||
| 490 | |a AIV ; 27 | ||
| 590 | |a Text en gallec. | ||
| 590 | |a Hi ha un exemplar en català amb R. 22338, en castellà amb R. 22339, en anglès amb R. 22340 i en francès amb R. 22341. | ||
| 650 | |a Voluntariat |9 42166 | ||
| 901 | |a Arxiu | ||
| 942 | |n 1 |2 udc |c MON | ||
| 952 | |0 0 |1 0 |4 0 |6 FU5438 |7 1 |9 50692 |a Arxiu |b Arxiu |d 2016-12-01 |l 0 |o FU-54-38 |p 22342 |r 2016-12-01 00:00:00 |w 2016-12-01 |y ARXIU | ||
| 999 | |c 54534 |d 54534 | ||